000 03090nam1a2200397 i 4500
001 RU\NLR\BIBL_A\012785177
005 20260409065346.0
010 _a9785912014048
_9200
035 _a(NLR Aleph) 012785177
090 _a13135621
_c13135621
100 _a20220513d2021 k y0rusy50 ca
101 0 _arus
_aeng
_deng
102 _aRU
105 _a z 1
181 0 _ai
_baxxe
182 0 _an
200 1 _aДиалоги о культуре и искусстве
_eматериалы XI Всероссийской научно-практической конференции (с международным участием) (Пермь, 14-16 октября 2021 г.)
_eв 2 ч.
_fМинистерство культуры Российской Федерации, Министерство культуры Пермского края, Пермский государственный институт культуры, Центр непрерывного образования и повышения квалификации творческих и управленческих кадров в сфере культуры [и др.]
_gответственный редактор: Лисенкова А. А.
203 _aТекст
_bвизуальный
_cнепосредственный
210 _aПермь
_cРедакционно-издательский отдел Управления научно-исследовательской деятельности Пермского государственного института культуры
_d2021
215 _d20
225 1 _aНациональные проекты России
_iКультура
320 _aБиблиогр. в конце ст.
606 _aИскусство
_jСъезды, совещания и т.п
_3RU\NLR\AUTH\6626297
_9934834
606 _aХудожественное образование
_jСъезды, совещания и т.п
_91208732
_3RU\NLR\AUTH\66171892
606 _aКультурно-досуговая деятельность
_jСъезды, совещания и т.п
_92595259
_3RU\NLR\AUTH\661533457
686 1 _aЩ,0я431
686 1 _aЧ459.781я431
686 1 _aЧ71я431
702 1 _aЛисенкова
_bА.А.
_gАнастасия Алексеевна
_4340
711 1 2 _a"Диалоги о культуре и искусстве", всероссийская научно-практическая конференция (с международным участием)
_d11
_eПермь
_f2021
_9798993
_3RU\NLR\AUTH\880566049
712 0 2 _4570
_aПермский государственный институт культуры
_bЦентр непрерывного образования и повышения квалификации творческих и управленческих кадров в сфере культуры
_9792749
_3RU\NLR\AUTH\880562808
852 _aNLR
_j2022-3/12340
942 _cBOOK